Biokatalytická príprava metylgalaktozidov

Gespeichert in:
Bibliographische Detailangaben
1. Verfasser: Senciová, Nikoleta (Verfasst von)
Weitere Verfasser: Hronská, Helena (Betreuung Doktorarbeit)
Format: Manuskript Buch
Sprache:Slowakisch
Veröffentlicht: 2019
Schlagworte:
Online-Zugang:http://is.stuba.sk/zp/portal_zp.pl?podrobnosti=135816
Tags: Tag hinzufügen
Keine Tags, Fügen Sie das erste Tag hinzu!

MARC

LEADER 00000ntm a22000003a 4500
001 stuzp74275
003 SK-STU
005 20190622211628.5
007 ta
008 150427s2015----xo-----f-mn---000-0-slo-d
040 |a STU  |b slo 
041 0 |a slo 
100 1 |a Senciová, Nikoleta  |u 044000  |4 aut  |U FCHPT Fakulta chemickej a potravinárskej technológie  |T FCHPT Ústav biotechnológie  |X 86799  |U C4000  |Y 102  |7 86799 
242 0 1 |a Biocatalytic Preparation of Methyl Galactosides  |y eng 
245 1 0 |a Biokatalytická príprava metylgalaktozidov 
260 |c 2019 
650 4 |a β-galaktozidáza  |2 slo 
650 4 |a transglykozylácia  |2 slo 
650 4 |a alkylglykozidy  |2 slo 
650 4 |a alkyl glycosides  |2 eng 
650 4 |a β-galactosidase  |2 eng 
650 4 |a transglycosylation  |2 eng 
700 1 |a Hronská, Helena  |u 044000  |k Z1  |4 ths  |U FCHPT Fakulta chemickej a potravinárskej technológie  |T FCHPT Ústav biotechnológie  |X 4690  |U C4000  |Y 102  |7 A000004690 
856 4 |u http://is.stuba.sk/zp/portal_zp.pl?podrobnosti=135816